| 000 | 00444nam a2200169Ia 4500 | ||
|---|---|---|---|
| 008 | 230917s9999||||xx |||||||||||||| ||und|| | ||
| 020 | _cRS270 | ||
| 040 |
_e230405 _aMAIN |
||
| 041 | _aEnglish | ||
| 082 | _a658.3 M278M | ||
| 100 | _aMahajan, J P | ||
| 245 | 0 | _aManaging human resources | |
| 260 |
_aNew Delhi _bVikas Publishing _c2015 |
||
| 300 | _axiv, 265 p. | ||
| 500 | _a2252 14/01/2016 HBD15/1543 30/01/2016 Main Budget | ||
| 942 | _cBK | ||
| 999 |
_c17372 _d17372 |
||